000 01185cam a22002054a 4500
005 20250605164238.0
008 250528s ||||||||||||||||||||||||d
035 _a21220
020 _a9789604537457
040 _aGR-AtMCL
_bgre
_dGR-AtMCL
_eAACR2
245 1 _aΤο Νόημα της Ζωής
250 _a
260 _bΨυχογιός,
_c2010
300 _a256
520 _aΈνα βιβλίο-σταθμός στην ανθρωπότητα. Ένα βιβλίο-ύμνος στον άνθρωπο. Πρόλογος - Χάρολντ Σ. Κούσνερ, Πρόλογος στην Έκδοση του 1992, Εμπειρίες σ'ένα Στρατόπεδο Συγκέντρωσης, Η Λογοθεραπεία με Λίγα Λόγια, Υστερόγραφο 1984: Για Έναν Τραγικό Οπτιμισμό, Επίλογος - Ουίλιαμ Τζ. Ουίνσλεϊντ, Επίμετρο στην Ελληνική Έκδοση, Κάνοντας Οίστρο της Ζωής, Τον Τρόμο του Θανάτου, Γιώργος-Ίκαρος Μπαμπασάκης.
700 1 _aFrankl Victor E
_92873
942 _cBK
999 _c6287
_d6287